| 000 | 00650nam a2200181Ia 4500 | ||
|---|---|---|---|
| 020 | _a0812376420 (hbk. : annotated teacher's ed.) | ||
| 040 | _cGZE | ||
| 082 | _a973 DOU 1992 A104 Or. | ||
| 100 | 1 | _aJordan, Winthrop D. | |
| 245 | 1 | 4 |
_aThe Americans : _ba history / |
| 250 | _aAnnotated teacher's ed. | ||
| 260 |
_aEvanston, Ill. : _bMcDougal, Littell, _cc1992. |
||
| 300 |
_aT16, xxv, 1062 p. : _bill. (some col.) ; _c30 cm. + _e1 student text + 2 worksheet books + 1 instructional support file + 6 test booklets + 1 set transparencies. |
||
| 700 | 1 | _aGreenblatt, Miriam. | |
| 700 | 1 | _aBowes, John S. | |
| 710 | 2 | _aMcDougal Littell. | |
| 942 | _cEK | ||
| 999 |
_c15416 _d15416 |
||